LEADER 01125cam0 2200289 450 001 E600200022134 005 20250529095336.0 100 $a20061027d1980 |||||ita|0103 ba 101 $aita 102 $aIT 200 1 $a<>rivoluzione incompiuta (1917-1967)$ele conferenze del ciclo George Macaulay Trevelyan tenute all'università di Cambridge (gennaio-marzo 1967)$fIsaac Deutscher$gintroduzione di Vittorio Strada$gtraduzione di Camillo Pellizzi 210 $aMilano$cRizzoli$d1980 215 $a216 p.$d18 cm 225 2 $aBUR$hL 410 1$1001LAEC00027383$12001 $a*BUR. L 700 1$aDeutscher$b, Isaac$3A600200038690$4070$0124691 702 1$aStrada, Vittorio$3A600200031296$4070 702 1$aPellizzi, Camillo$3AF00014888$4070 801 0$aIT$bUNISOB$c20250529$gRICA 850 $aUNISOB 852 $aUNISOB$j900$m30487 912 $aE600200022134 940 $aM 102 Monografia moderna SBN 941 $aM 957 $a900$b000190$gSi$d30487$racquisto$1pregresso2$2UNISOB$3UNISOB$420061027091152.0$520180503100811.0$6Alfano 996 $aRivoluzione incompiuta (1917-1967)$94383443 997 $aUNISOB LEADER 01727nam0 2200385 i 450 001 RMB0673609 005 20251003044335.0 010 $a9788842089513 020 $aIT$b2009-292 100 $a20090216d2009 ||||0itac50 ba 101 | $aita 102 $ait 181 1$6z01$ai $bxxxe 182 1$6z01$an 183 1$6z01$anc$2RDAcarrier 200 1 $aˆLa ‰valanga$edalla crisi americana alla recessione globale$fMassimo Gaggi 210 $aRoma$aBari$cGLF$d2009 215 $aXI, 184 p.$d21 cm. 225 | $aˆI ‰Robinson$i. Letture 410 0$1001LO10490342$12001 $aˆI ‰Robinson$i. Letture 606 $aCrisi economiche$xStati Uniti d'America$x2001-2008$2FIR$3CFIC176867$9N 676 $a330.9$9SITUAZIONI E CONDIZIONI ECONOMICHE$v12 676 $a338.54$9ECONOMIA GENERALE DELLA PRODUZIONE. FLUTTUAZIONI ECONOMICHE$v20 676 $a338.542$9FLUTTUAZIONI ECONOMICHE. CICLI ECONOMICI$v19 676 $a338.542$9FLUTTUAZIONI ECONOMICHE. CICLI ECONOMICI$v21 700 1$aGaggi$b, Massimo$3PUVV363133$4070$0437880 801 3$aIT$bIT-000000$c20090216 850 $aIT-BN0095 $aIT-AV0007 901 $bNAP AV$cSEZ. M $nSezione Moderna 901 $bNAP 01$cPOZZO LIB.$nVi sono collocati fondi di economia, periodici di ingegneria e scienze, periodici di economia e statistica e altri fondi comprendenti documenti di economia pervenuti in dono. 912 $aRMB0673609 950 0$aBiblioteca Centralizzata di Ateneo$c1 v.$d 01POZZO LIB.ECON MON 4901$e 01S 0090013045E VMA 1 v. (Precedente collocazione: EC S 1 304)$fB $h20120720$i20120720 977 $a 01$a AV 996 $aValanga$966184 997 $aUNISANNIO